|
|
|
|
| LEADER |
00000nab a2200000 a 4500 |
| 001 |
vtls012240172 |
| 003 |
SK-MaSNL |
| 005 |
20260303191032.0 |
| 008 |
230926c2014 xo ||||||| |00 ||slo |
| 015 |
|
|
|a SNBRB
|
| 040 |
|
|
|a SNKBUCL
|b slo
|c SNKBUCL
|e AACR2
|
| 041 |
0 |
|
|a slo
|
| 044 |
|
|
|a xo
|c SK
|
| 100 |
1 |
|
|a Žilka, Tibor,
|d 1939-
|4 aut
|9 100527
|
| 245 |
1 |
0 |
|a Za Lacom Ballekom (2.4.1941-15.4.2014)
|c Tibor Žilka
|
| 500 |
|
|
|a Uverejnené v rubrike Zápisník
|
| 600 |
1 |
7 |
|a Ballek, Ladislav,
|d 1941-2014
|2 SNKMA
|9 168078
|
| 655 |
|
7 |
|a nekrológy
|2 SNKPH
|9 402542
|
| 773 |
0 |
|
|t Slovenské pohľady
|g Roč. IV.+130, č. 7-8 (2014), s. 289-290
|
| 852 |
|
|
|a Slovenská národná knižnica
|
| 954 |
|
|
|a odborná, vedecká literatúra pôvodná (slovenská)
|2 lita
|
| 999 |
|
|
|c 2139170
|d 2141100
|